| 000 | 01189nam0a2200301 4500 | ||
|---|---|---|---|
| 001 | RU\NLR\ONL2\27424 | ||
| 005 | 20260426031007.0 | ||
| 010 |
_a978-5-7677-1791-0 _9100 |
||
| 035 | _a(NLR Aleph) 010214378 | ||
| 090 |
_a10289470 _c10289470 |
||
| 100 | _a20130726d2013 u y0rusy50 ca | ||
| 101 | 0 | _achv | |
| 102 | _aRU | ||
| 105 | _ay ||||||||| | ||
| 200 | 1 |
_aХутшǎну философийě _eвěрену пособийě _fМ. П. Желтов _gИ. Н. Ульянов ячěллě Чǎваш патшалǎх ун-чě |
|
| 210 |
_aШупашкар _cЧǎваш патшалǎх ун-чě _d2013 |
||
| 215 |
_a115 с. _d20 |
||
| 541 | 1 |
_aФилософия отношений _eучеб. пособие _zrus |
|
| 606 |
_aОтношение (филос.) _jУчебные издания для высших учебных заведений _91270686 _3RU\NLR\AUTH\66522882 |
||
| 686 | 1 | _aЮ212.3 я73 | |
| 700 | 1 |
_aЖелтов _bМ. П. _gМихаил Павлович _4070 |
|
| 801 | 0 |
_aRU _bNLR _c20130726 _gPSBO |
|
| 852 |
_aNLR _bОНЛ _jЧув./2-5021 |
||
| 942 | _cBOOK | ||
| 980 | _aNB | ||
| 980 | _aONL_RF | ||